000 00687nam a2200241Ia 4500
008 160418s9999 xx 000 0 und d
020 _a971-08-6325-8
050 _aFIL P 95.4
050 _b.P5M37 2002 c.2
100 _aMartinez, Norma D.
245 _aResponsible speech communication /
245 _cNorma D. Martinez.
250 _aRevised Edition
260 _aMandaluyong:
260 _bNational Books Store,
260 _c2002
300 _a200 pages :
300 _billustrations ;
300 _c22 cm.
500 _aIncludes bibliographical references and index..
650 _aOral communication -- Philippines.
650 _xPublic speaking -- Philippines.
999 _c293487
_d293487